Biên dịch 2 Biên dịch 2

Gardado en:
Detalles Bibliográficos
Autor Principal: Khoa Pháp
Formato: Libro
Idioma:French
Publicado: 2008
Những chủ đề:
Các nhãn: Engadir etiqueta
Sen Etiquetas, Sexa o primeiro en etiquetar este rexistro!
Thư viện lưu trữ: Mạng thư viện Đại học Đà Nẵng
LEADER 00993cam a22003251a 4500
001 000036258
003 12553
005 20160329000000.0
008 160329s2008 000 fre
041 |a fre 
082 |a 448.4  |b PH-I  |2 Biên dịch 2 
100 |a Khoa Pháp 
245 |a Biên dịch 2  |c Khoa Pháp  |n Biên dịch 2 
260 |c 2008 
300 |a 13tr . : mh ; 30cm 
650 |a Biên dịch 2 
852 |b Chuyên đề  |c Giáo trình 
OWN |a LNN 
AVA |a UDN50  |b LNN  |d 448.4 PH-I  |e available  |t Error 5001 Not defined in file expand_doc_bib_avail.  |f 1  |g 0  |h N  |i 0  |k 1 
999 |a From the UDN01 
AVA |a UDN50  |b LNN  |d 448.4 PH-I  |e available  |t Error 5001 Not defined in file expand_doc_bib_avail.  |f 1  |g 0  |h N  |i 0  |k 1 
TYP |a Monograph 
TYP |a Printed language 
980 |a Mạng thư viện Đại học Đà Nẵng